| 000 | 00482nam a22001697a 4500 | ||
|---|---|---|---|
| 003 | MACL | ||
| 005 | 20160302155319.0 | ||
| 008 | 160302b xxu||||| |||| 00| 0 eng d | ||
| 040 | _cMACL | ||
| 041 | _aHindi | ||
| 082 | _a891.431 | ||
| 100 |
_aभारत यायावर _942147 |
||
| 245 | _aमैं हॅू यहॉ हॅू | ||
| 260 |
_aदिल्ली _bप्रकाशन संस्थान _c1983 |
||
| 650 |
_aPoetry _942148 |
||
| 942 |
_2ddc _cHIN |
||
| 999 |
_c53447 _d53447 |
||